The role of distortions and market imperfections in real exchange rate determination: the case of Chile

Guardat en:
Dades bibliogràfiques
Autor principal: Quiroz, Jorge (Autor)
Autor corporatiu: Programa de Postgrado de Economía ILADES-Georgetown University (Autor)
Format: Llibre
Idioma:espanyol
Publicat: Santiago ILADES 1991
Col·lecció:Investigación, ILADES, I-33
Matèries:
Etiquetes: Afegir etiqueta
Sense etiquetes, Sigues el primer a etiquetar aquest registre!

MARC

LEADER 00000nam a2200000 a 4500
001 UCR8671
003 CL-VaPUC
008 980529e19910500CL |||||||||||||||||spa|d
082 0 4 |a 330.711  |b QUI  |2 21 
100 0 |a Quiroz, Jorge  |e author  |9 410701 
110 2 |a Programa de Postgrado de Economía ILADES-Georgetown University  |e author  |9 410702 
245 1 4 |a The role of distortions and market imperfections in real exchange rate determination: the case of Chile 
300 |a 83 p 
942 |c BK 
945 |d 19980529 00:00:00  |a crobeson 
260 |a Santiago  |b ILADES  |c 1991 
650 7 |a EDUCACION DE POSTGRADO  |2 CL-VaPUC  |9 310729 
650 0 |a Economía   |9 255568 
650 7 |a TASA DE CAMBIO  |2 CL-VaPUC  |9 410703 
651 7 |a CHILE  |2 CL-VaPUC  |9 410704 
583 |a last modification  |c 19980529 00:00:00  |k Rodrigo Vera 
490 0 |a Investigación, ILADES, I-33 
999 |c 270067  |d 270065